| Поле | Название | Значение |
| |
Тип записи |
a |
| |
Библиографический уровень |
m |
| 001 |
Контрольный номер |
1b3d2989-2a7b-4c7f-899c-7b1123585a90 |
| 005 |
Дата корректировки |
20141212145605.8 |
| 010 |
Индекс ISBN |
__ |
| a |
ISBN |
978-5-7695-9730-5 |
| d |
Цена |
363 руб. 00 коп. |
| 100 |
Данные общей обработки |
__ |
| a |
Данные общей обработки |
20130521 |||y0 y0189 ca |
| 101 |
Язык документа |
0_ |
| a |
Язык текста |
rus |
| 105 |
Кодированные данные (монография) |
__ |
| a |
Кодированные данные (монография) |
zy |
| 200 |
Заглавие и сведения об ответственности |
0_ |
| a |
Заглавие |
Основы экономики и предпринимательства [текст] |
| e |
Сведения, относящиеся к заглавию |
учеб. для учащихся учреждений нач. проф. образования |
| f |
Первые сведения об ответственности |
Л.Н. Череданова |
| 205 |
Сведения об издании |
__ |
| a |
Основные сведения об издании |
11-е изд. |
| b |
Дополнительные сведения об издании |
стер. |
| 210 |
Выходные данные |
1_ |
| a |
Место издания |
М. |
| c |
Издательство |
Академия |
| d |
Дата издания |
2013 |
| 215 |
Физическое описание |
__ |
| a |
Объем |
224 с. |
| 300 |
Общие примечания |
__ |
| a |
Общие примечания |
Рекомендовано ФГУ |
| 606 |
Тематические рубрики |
__ |
| a |
Основная рубрика |
Экономические науки |
| x |
Основная подрубрика |
Экономика России |
| 610 |
Ключевые слова |
0_ |
| a |
Ключевые слова |
Сущност экономики |
| 610 |
Ключевые слова |
0_ |
| a |
Ключевые слова |
Субъекты |
| 610 |
Ключевые слова |
0_ |
| a |
Ключевые слова |
объкты |
| 610 |
Ключевые слова |
0_ |
| a |
Ключевые слова |
механизм рыночной экономики |
| 610 |
Ключевые слова |
0_ |
| a |
Ключевые слова |
денежное обращение |
| 610 |
Ключевые слова |
0_ |
| a |
Ключевые слова |
производство в макроэкономическом представлении |
| 610 |
Ключевые слова |
0_ |
| a |
Ключевые слова |
предпринимательство в современной экономике |
| 610 |
Ключевые слова |
0_ |
| a |
Ключевые слова |
экономика малого предприятия |
| 610 |
Ключевые слова |
0_ |
| a |
Ключевые слова |
финансы |
| 610 |
Ключевые слова |
0_ |
| a |
Ключевые слова |
расчеты в бизнесе |
| 610 |
Ключевые слова |
0_ |
| a |
Ключевые слова |
внешнеэкономические связи |
| 675 |
Индекс УДК |
__ |
| a |
Индекс УДК |
33:65.011.12 |
| 686 |
Индексы других классификаций |
__ |
| a |
Классификационный индекс |
65.012.1 |
| 2 |
Код системы |
rubbk |
| 700 |
Автор |
_1 |
| a |
Фамилия |
Череданова |
| b |
Имя |
Л.Н. |
| 801 |
Источник записи |
_0 |
| a |
Страна |
RU |
| b |
Организация |
ККИ |
| c |
Дата составления |
20130521 |
| 899 |
Данные о местонахождении |
__ |
| b |
Место хранения |
УчФ_Краснодарский филиал |
| t |
Номер экземпляра |
2 |
| h |
Классификационная часть РШ |
33Р1 |
| i |
Авторский знак |
Ч-46 |
| p |
Штрих-код |
85514 |
| p |
Штрих-код |
85515 |
| 899 |
Данные о местонахождении |
__ |
| b |
Место хранения |
УчФ_Ф_Краснодарский филиал |
| t |
Номер экземпляра |
8 |
| p |
Штрих-код |
85516 |
| p |
Штрих-код |
85517 |
| p |
Штрих-код |
85518 |
| p |
Штрих-код |
85519 |
| p |
Штрих-код |
85520 |
| p |
Штрих-код |
85521 |
| p |
Штрих-код |
85522 |
| p |
Штрих-код |
85523 |
| 901 |
Тип документа |
__ |
| t |
Тип документа |
m |
| 938 |
Служебная информация |
__ |
| a |
Название организации |
Краснодарский филиал |
| b |
Имя БД |
OUTPUT.MRC |
| c |
Название АИБС |
АИБС Библиотека |